| 000 | 01471nam0a22003371 4500 | ||
|---|---|---|---|
| 001 | rc\4637808 | ||
| 005 | 20130416201105.4 | ||
| 021 |
_aRU _b[61-11728] |
||
| 035 | _a(NLR Aleph) 008683462 | ||
| 090 |
_a9193625 _c9193625 |
||
| 100 | _a20130416d1960 |||y0rusy50 ca | ||
| 101 | 0 | _arus | |
| 102 | _aRU | ||
| 105 | _ay z ||||| | ||
| 200 | 1 | _aПроцесс изокрекинга | |
| 210 |
_aМосква _cБ. и. _d1960 |
||
| 215 |
_a25 с. _cграф. _d20 |
||
| 225 | 1 |
_aГосударственный научно-технический комитет Совета Министров РСФСР. Государственный научно-исследовательский институт научной и технической информации _vПеревод № 425/60П (технология) |
|
| 300 | _aСтатья из "Petroleum rifinner", 1960, IV, т. 39, № 4 | ||
| 300 | _aПеред загл. авт.: Дж.В. Скотт, Г.Ф. Мэзон, Р.Н. Козловский. На обл. авт. не указаны | ||
| 300 | _aОтпеч. множит. аппаратом | ||
| 320 | _aБиблиогр.: с. 24-25 (10 назв.) | ||
| 606 |
_aИзокрекинг _2psbo |
||
| 700 | 1 |
_aСкотт _bД. В. _f1899- _gДжеймс В. |
|
| 701 | 1 |
_aМэзон _bГ. Ф. |
|
| 701 | 1 |
_aКозловский _bР. Н. |
|
| 801 | 0 |
_aRU _bNLR _gpsbo |
|
| 801 | 1 |
_aRU _bELAR _2rusmarc |
|
| 852 |
_aNLR _j61-4/3617 |
||
| 942 | _cBOOK | ||
| 980 | _aNB | ||